Curso de geografía y estadística económico industrial y comercial / (Record no. 40555)

MARC details
000 -LEADER
campo de control de longitud fija 00753nam a2200193 i 4500
001 - NÚMERO DE CONTROL
campo de control 40555
003 - IDENTIFICADOR DE NÚMERO DE CONTROL
campo de control ES-MaACL
005 - FECHA Y HORA DE LA ÚLTIMA TRANSACCIÓN
campo de control 20251123063300.0
007 - CAMPO FIJO DE DESCRIPCIÓN FÍSICA--INFORMACIÓN GENERAL
campo de control de longitud fija t|
008 - DATOS DE LONGITUD FIJA--INFORMACIÓN GENERAL
campo de control de longitud fija 030306s1907 sp ||||1| spa d
100 ## - ENTRADA PRINCIPAL--NOMBRE DE PERSONA
Nombre de persona Carreras y González, Mariano
9 (RLIN) 227072
245 10 - MENCIÓN DEL TÍTULO
Título Curso de geografía y estadística económico industrial y comercial /
Mención de responsabilidad, etc. por Mariano Carreras y González ; con un prólogo de José Piernes Hurtado ; séptima edición refundida por Leopoldo González Revilla.
260 ## - PUBLICACIÓN, DISTRIBUCIÓN, ETC.
Lugar de publicación, distribución, etc. Madrid :
Nombre del editor, distribuidor, etc. Sucesores de Hernando,
Fecha de publicación, distribución, etc. 1907.
300 ## - DESCRIPCIÓN FÍSICA
Extensión 452 p. ;
Dimensiones 22 cm.
700 1# - ENTRADA AGREGADA--NOMBRE PERSONAL
Nombre de persona González Revilla, Leopoldo,
Fechas asociadas al nombre 1858-1915
9 (RLIN) 58905
700 1# - ENTRADA AGREGADA--NOMBRE PERSONAL
Nombre de persona Piernes Hurtado, José María.
9 (RLIN) 91946
852 ## - LOCALIZACIÓN
Ubicación ES-MaACL
Número de control de estantería B-12733
Holdings
Estatus retirado Estado de pérdida Estado de daño No para préstamo Biblioteca de origen Biblioteca actual Ubicación en estantería Fecha de adquisición Fuente de adquisición Total de préstamos Signatura topográfica completa Código de barras Visto por última vez Precio de reemplazo Tipo de ítem Koha
        Biblioteca del Ateneo de Madrid Biblioteca del Ateneo de Madrid Sala Pardo Bazán 17/01/2008     B-12733 1042697 23/02/2023 23/02/2023 Libro impreso